| 000 | 01013 a2200265 4500 | ||
|---|---|---|---|
| 008 | 080821t xxu||||| |||| 00| 0 eng d | ||
| 010 | _aENG-85028 | ||
| 020 |
_a8173045909 _c300.00 |
||
| 035 | _aEN-68561 | ||
| 037 | _bD.B.Act / Pub | ||
| 082 | _a270 | ||
| 100 | _aMadni, Sayyid Husain Ahmad, | ||
| 245 |
_aComposite nationalism and Islam _bMuttahidah qaumiyat aur Islam _cHussain Ahmad Madani ; translated by Mohammad Anwer Hussain, Hasan Imam. |
||
| 246 | _aMuttahidah qaumiyat aur Islam | ||
| 260 |
_aNew Delhi _bManohar Publishers and Distributors _c2005. |
||
| 260 | _bPansy Books (Vendor) | ||
| 300 |
_a152 p. _c19 cm. (Hb) |
||
| 520 | _aWith reference to India. | ||
| 650 |
_aNationalism _xReligious aspects _zIndia. |
||
| 650 |
_aMuslims _zIndia. |
||
| 700 | _aHussain, Mohammad Anwer | ||
| 700 | _aHasan Imam | ||
| 942 |
_adpl _cEN _k270 / MAD _2ddc _h270 _mMAD |
||
| 999 |
_c929 _d929 |
||